书目信息 |
| 题名: |
生物化学检验
|
|
| 作者: | 仲其军 , 江兴林 , 范颖 主编 | |
| 分册: | ||
| 出版信息: | 武汉 华中科技大学出版社 2017.5 |
|
| 页数: | 359页 | |
| 开本: | 30cm | |
| 丛书名: | ||
| 单 册: | ||
| 中图分类: | R446.1 | |
| 科图分类: | ||
| 主题词: | 生物化学--医学检验--高等职业教育--教材 | |
| 电子资源: | ||
| ISBN: | 978-7-5680-2701-4 | |
| 000 | 00908nam0 2200253 450 | |
| 001 | 0400001609 | |
| 005 | 20171019080920.0 | |
| 010 | @a978-7-5680-2701-4@dCNY69.80 | |
| 100 | @a20170619e2017 em y0chiy50 ea | |
| 101 | 0 | @achi |
| 102 | @aCN@b420000 | |
| 105 | @ay z 000yy | |
| 106 | @ar | |
| 200 | 1 | @a生物化学检验@9sheng wu hua xue jian yan@f仲其军,江兴林,范颖主编 |
| 210 | @a武汉@c华中科技大学出版社@d2017.5 | |
| 215 | @a359页@d30cm | |
| 330 | @a本书内容共十九章,包括生物化学检验实验室基本知识、检验方法的分析性能评价与验证、生物化学检验常用技术、自动生化分析技术、酶学分析技术、生物化学检验的质量控制、体液蛋白质检验等。 | |
| 606 | 0 | @a生物化学@x医学检验@x高等职业教育@j教材 |
| 690 | @aR446.1@v5 | |
| 701 | 0 | @a仲其军@9zhong qi jun@4主编 |
| 701 | 0 | @a江兴林@9jiang xing lin@4主编 |
| 701 | 0 | @a范颖@9fan ying@4主编 |
| 801 | 0 | @aCN@b91MARC@c20171019 |
| 905 | @b1025426-30@dR446.1@f5@e114 | |
| 生物化学检验/仲其军,江兴林,范颖主编.-武汉:华中科技大学出版社,2017.5 |
| 359页;30cm |
| ISBN 978-7-5680-2701-4:CNY69.80 |
| 本书内容共十九章,包括生物化学检验实验室基本知识、检验方法的分析性能评价与验证、生物化学检验常用技术、自动生化分析技术、酶学分析技术、生物化学检验的质量控制、体液蛋白质检验等。 |
| ● |
| 相关链接 |
|
|
|
|
正题名:生物化学检验
索取号:R446.1/114
 
预约/预借
| 序号 | 登录号 | 条形码 | 馆藏地/架位号 | 状态 | 备注 |
| 1 | 1025426 | 210254268 | 第二样本阅览室/ [索取号:R446.1/114] | 在馆 | |
| 2 | 1025427 | 210254277 | 密集书库-生命科学系/ [索取号:R446.1/114] | 在馆 | |
| 3 | 1025428 | 210254286 | 第三借阅区/ [索取号:R446.1/114] | 在馆 | |
| 4 | 1025429 | 210254295 | 第三借阅区/ [索取号:R446.1/114] | 在馆 | |
| 5 | 1025430 | 210254302 | 第三借阅区/ [索取号:R446.1/114] | 在馆 |